[Event "17th Prague Open 2018"]
[Site "Prague"]
[Date "2018.01.18"]
[Round "8"]
[White "Solozhenkin, Evgeniy"]
[Black "Hainke, Guntram"]
[Result "0-1"]
[WhiteElo "2451"]
[BlackElo "2283"]
[Annotator "TA"]
[PlyCount "102"]
[EventDate "2018.??.??"]
[EventType "swiss"]
[EventCountry "CZE"]
[SourceTitle "playchess.com"]
[Source "ChessBase"]
[SourceQuality "1"]

{[%evp 17,102,53,55,47,60,60,58,52,77,81,75,70,76,50,58,52,67,30,26,28,37,32,59,41,34,16,24,0,41,0,24,24,23,14,21,20,48,27,69,63,68,56,66,15,11,0,20,0,0,-51,-41,-154,-177,-221,-228,-221,-221,-218,-201,-394,-389,-391,-377,-410,-363,-534,-525,-1008,-1008,-1138,-560,-1020,-1025,-987,-971,-1612,-1614,-1602,-1596,-1561,-1516,-1414,-1399,-12834,-12835,-12837,-12833]} 1. e4 {[%cal Be2e4,Be4e5][%mdl 32]} Nf6 2. e5 Nd5 3. d4 d6 4. c4 Nb6 5. exd6 exd6 6. Nc3 Be7 7. Nf3 Bg4 8. Be3 Nc6 9. h3 Bh5 10. b3 {B03: Alekhine's Defence: Four Pawns Attack} O-O 11. Be2 Re8 12. Qd2 {White is slightly better.} d5 13. c5 Nc8 14. O-O Bf6 {[#]} 15. Rad1 $146 ({Predecessor:} 15. b4 Bxf3 16. Bxf3 N8e7 {½-½ (30) Bischoff,K (2519)-Wallner,J (2380) Austria 2012}) 15... h6 16. Ne5 {[#] And now Nxc6 would win.} Bxe2 17. Nxc6 ({Much worse is} 17. Nxe2 $6 Nxd4 18. Ng4 Nxe2+ 19. Qxe2 c6 $11) (17. Qxe2 {feels hotter.} Bxe5 18. dxe5 N8e7 19. f4 Qd7 20. Qf3) 17... bxc6 18. Nxe2 {[%cal Bc3e2,Be2g3,Bg3h5][%mdl 32]} Ne7 19. Ng3 Qd7 20. Rfe1 Ng6 21. Nh5 Qf5 22. Ng3 Qd7 23. Nh5 Qf5 24. Qe2 Bh4 25. Qg4 Qxg4 26. hxg4 Re4 27. g3 {[#] Hoping for f3.} Bd8 28. f3 Re8 29. Bd2 Be7 30. f4 (30. Ba5 $14) 30... Nf8 $1 $11 {...g6 is the strong threat.} 31. f5 Nd7 32. Ba5 Nf6 33. Bxc7 ({White should try} 33. Nxf6+ $11 Bxf6 34. Bc3) 33... Nxg4 $15 34. Kg2 (34. Be5 $1 $15) 34... Bg5 $17 35. Kf3 Ne3 36. Rd3 {[%cal Re1e3]} Nxf5 37. Re5 g6 {[%cal Bg7g6,Bg6f5][%mdl 32] Strongly threatening ...Rxe5.} 38. Rxf5 $2 (38. Nf4) 38... gxf5 $19 39. b4 Kh7 40. Ra3 a6 41. Ra5 (41. Be5 {was necessary.}) 41... Re4 {Black is clearly winning.} 42. a4 Rxd4 43. b5 Bd2 44. b6 Bxa5 45. b7 Rh8 46. Bxa5 Rb8 47. Nf6+ Kg6 48. Nd7 Rxb7 49. Ne5+ Kf6 50. Nxc6 Rb3+ 51. Kf2 Rxa4 {Precision: White = 33%, Black = 69%.} 0-1

[Event "17th Prague Open 2018"]
[Site "Prague"]
[Date "2018.01.18"]
[Round "8"]
[White "Pacher, Milan"]
[Black "Raahul V S"]
[Result "1-0"]
[WhiteElo "2444"]
[BlackElo "2205"]
[Annotator "TA"]
[PlyCount "105"]
[EventDate "2018.??.??"]
[EventType "swiss"]
[EventCountry "CZE"]
[SourceTitle "playchess.com"]
[Source "ChessBase"]
[SourceQuality "1"]

{[%evp 18,105,20,9,42,29,70,66,41,29,40,35,38,31,230,237,295,93,92,91,82,82,88,93,148,0,156,175,285,275,268,251,241,240,265,169,185,191,183,187,389,386,385,382,743,550,550,549,29990,29965,5435,332,322,181,314,97,94,102,89,30,8,29,13,36,555,275,277,269,306,271,688,681,1053,145,145,137,131,151,89,116,346,339,324,252,700,678,5139,5139,29988,29989]} 1. e4 e5 2. Nf3 Nc6 3. Bb5 a6 4. Ba4 Nf6 5. O-O b5 6. Bb3 Bb7 7. d3 Be7 8. Nc3 O-O 9. Bd2 d6 10. Nd5 {LiveBook: 37 Games. C84: Closed Ruy Lopez: Unusual White 6th moves} Qd7 $146 ({Predecessor:} 10... Nxd5 11. Bxd5 Qc8 12. a4 Nd8 13. Bxb7 Qxb7 14. b4 Ne6 15. Qb1 d5 16. exd5 Qxd5 17. Qa2 Qxa2 18. Rxa2 f6 19. Rfa1 {½-½ (29) Sadzikowski,D (2551)-Efimenko,Z (2661) Abu Dhabi 2016}) 11. a4 Nd8 12. Nxe7+ {White is slightly better.} Qxe7 13. axb5 axb5 14. Rxa8 Bxa8 15. Nh4 d5 $2 (15... g6 $14) 16. Nf5 $18 Qd7 17. Bg5 $2 (17. f4 $1 $18 {[%cal Rf4e5]} exf4 18. Bxf4) 17... dxe4 $16 18. dxe4 Bxe4 {[#]} 19. Nh6+ $1 {[%mdl 512]} gxh6 20. Bxf6 Qd6 (20... Qxd1 $142 21. Rxd1 Ne6) 21. Qg4+ {[%mdl 1024] White has strong compensation.} Bg6 22. Qh4 {Black must now prevent c3.} Nc6 (22... Re8 $142 23. h3 c5) 23. c3 $18 Qd2 24. f4 Qe3+ 25. Kh1 $1 h5 26. h3 exf4 27. Bd5 $1 {[%cal Rd5c6]} (27. Rxf4 $6 Re8 $16) (27. Qxf4 Qxf4 28. Rxf4 Re8 $11) 27... Qd3 28. Qxf4 Nb8 $2 (28... Qxd5 29. Qh6 Qxg2+ 30. Kxg2 Be4+ 31. Kh2 Bg6 32. Qg7#) (28... Nd8) 29. c4 Nd7 30. Be7 $1 {[%cal Bf6e7,Be7f8,Bf8h6][%mdl 32]} c6 $2 (30... bxc4 31. Bxc4 Qe4) 31. Bxf8 cxd5 {[#]} 32. Bh6 $1 {Intending Ra1 and mate.} dxc4 33. Re1 f6 34. Qc7 $2 (34. Re7 {White wants to mate with Qc7.} Be8 35. Rg7+ Kh8 {[#]} 36. Rxd7 $1 {[%mdl 512]} Qb1+ 37. Kh2 Qg6 38. Rd8 Qxh6 39. Qxh6 Kg8 40. Qxf6 h6 41. Rxe8+ Kh7 42. Rh8#) 34... Kf7 35. Re3 (35. Qd8 $142 {[%csl Ge1][%cal Rd8e8]} Be4 36. Rxe4 Qb1+ 37. Kh2 Qxe4 38. Qxd7+ Qe7 39. Qxb5 Qd6+ 40. g3) 35... Qd4 (35... Qd1+ $142 36. Kh2 Bf5) 36. Bf4 $2 $40 {[%mdl 128] Black is in trouble.} (36. Qd8 $18 {[%csl Ge3][%cal Rd8e8] and the rest is easy.} Be4 37. Rxe4 Qxe4 38. Qxd7+ Kg6 39. Qg7+ Kf5 40. Qxh7+ Ke5 41. Qf7) 36... Bf5 $16 37. Qd8 {White threatens Qe8+ and mate.} Be6 (37... Qxf4 38. Re7+ Kg6 39. Qg8+ Kh6 40. Qg7#) 38. Rf3 (38. Qh8 $16 Nf8 39. Rf3 (39. Bh6 Qd1+ 40. Kh2 Qd6+ 41. Kg1 Qd1+ 42. Kf2 Qd2+ 43. Kg1 Qd1+ 44. Kh2 Qd6+ 45. Kh1 Qd1+ 46. Kh2 $11)) 38... b4 $11 39. Qh8 Bf5 $1 40. Bh6 Qxb2 $2 {[%mdl 8192]} (40... Qd1+ $1 $14 41. Kh2 Qd6+ 42. Bf4 Ne5) 41. Qg7+ (41. Re3 $142 {[%csl Gh6][%cal Rh8g7]} Ne5 42. Qf8+ Ke6 43. Qc8+ Kd5 44. Qxf5) 41... Ke6 $18 42. Qg8+ Ke7 43. Qxc4 Ne5 $2 (43... Be6 44. Re3 Qb1+ 45. Kh2 Qf5 46. Qxb4+ Kf7) 44. Qc5+ Kd7 45. Rf4 $2 (45. Rxf5 Qb1+ 46. Kh2 Qxf5 $11) (45. Qb5+ $18 {is the precise move to win.} Ke7 46. Rxf5) 45... Be4 $16 {[%csl Ge4][%cal Rb2g2]} 46. Rf2 (46. Rxe4 Qb1+ 47. Kh2 Qxe4 $17) 46... Qc3 47. Rd2+ Nd3 48. Qb5+ Ke6 $2 (48... Ke7 $16) 49. Qe8+ $18 ({Stronger than} 49. Qxh5 Qa1+ 50. Kh2 Qe5+ 51. Qxe5+ fxe5 $15) 49... Kd5 {And now ...Qa1+ would win.} 50. Qf7+ Kd4 $2 (50... Kc5 51. Be3+ Kb5 52. Qd7+ (52. Qxh5+ Qe5 $14) 52... Qc6 53. Rxd3 Bxd3 54. Qxd3+ Ka4 55. Qd1+ Ka3 56. Qa1+ Kb3 57. Qb1+ Ka4) 51. Qxf6+ Kc4 52. Qe6+ Bd5 53. Qa6+ {Precision: White = 51%, Black = 28%.} 1-0

[Event "17th Prague Open 2018"]
[Site "Prague"]
[Date "2018.01.18"]
[Round "8"]
[White "Low, Zhen Yu Cyrus"]
[Black "Tuma, Jiri"]
[Result "1/2-1/2"]
[WhiteElo "2437"]
[BlackElo "2272"]
[Annotator "TA"]
[PlyCount "141"]
[EventDate "2018.??.??"]
[EventType "swiss"]
[EventCountry "CZE"]
[SourceTitle "playchess.com"]
[Source "ChessBase"]
[SourceQuality "1"]

{[%evp 23,141,4,4,0,0,0,20,15,16,5,25,0,-13,-13,0,14,30,-32,11,0,16,0,39,0,0,-18,75,69,61,72,95,80,84,60,66,59,139,125,109,113,78,60,192,180,254,0,0,0,254,254,254,254,254,254,254,254,247,246,254,247,242,214,254,252,247,247,247,247,247,240,428,428,428,428,428,428,428,421,428,421,460,406,406,406,400,399,398,399,384,383,460,456,500,490,551,558,554,550,539,523,504,0,0,0,0,0,0,0,16,0,0,0,0,0,0,0,0,0,0,9]} 1. e4 c5 2. Nf3 e6 3. d4 cxd4 4. Nxd4 Nf6 5. Nc3 d6 6. Be3 a6 7. Be2 Qc7 8. g4 d5 {B84: Sicilian Scheveningen: 6 Be2 a6, lines without early Be3} (8... b5 9. g5 Nfd7 10. a3 Bb7 11. Qd2 Nc6 12. Nxc6 Bxc6 13. f4 Nc5 14. Bf3 Qb7 15. Qd4 e5 16. fxe5 Ne6 {1-0 (31) Ni,H (2673)-Le,Q (2703) Ho Chi Minh City 2012}) 9. exd5 Bb4 10. dxe6 Bxc3+ 11. bxc3 Qxc3+ 12. Kf1 fxe6 {LiveBook: 7 Games} 13. Rg1 O-O 14. Rg3 Nc6 $146 ({Find the theoretical novelty and annotate with similar games:} 14... Nd5 15. Kg1 Nc6 16. Nb3 Nxe3 17. Rxe3 {1-0 (45) Saglione,E (2404)-Rinaldi,C (2394) ICCF email 2007}) 15. Nb3 Qe5 16. Kg1 Nd5 17. Bf1 Nxe3 18. Rxe3 Qf4 19. Qe2 e5 20. Re4 ({White should play} 20. h3 $11) 20... Qf6 (20... Qf7 {NOTEXT} 21. Bg2 Be6 22. c4 Rad8 23. Rc1 Rd6) 21. Rd1 Kh8 22. Bg2 a5 23. f4 (23. Rd2 $14) 23... exf4 $11 {...h5! is the strong threat.} 24. Re8 Bxg4 (24... a4 $11 {remains equal.} 25. g5 Qf5) 25. Rxf8+ $16 Rxf8 26. Qxg4 f3 {Strongly threatening ...Ne5.} 27. Bf1 $1 Ne5 28. Qg3 f2+ 29. Kh1 Qc6+ (29... Nc4 $14 30. Bxc4 Qc6+ 31. Bd5 Qxd5+ 32. Rxd5 f1=Q+ 33. Qg1 Qc4) 30. Qg2 Qxc2 31. Rd2 Qf5 32. Nc5 {Black must now prevent Rd5.} h5 {[#]} (32... Ng4 $14 33. Re2 (33. Nxb7 $2 Ne3 $19) 33... Qxc5 34. Qxg4 h6) 33. Rd5 $1 $18 ({Weaker is} 33. Nxb7 Qf4 $11) 33... Qf6 (33... b6 {was worth a try.}) 34. Qe4 ({But not} 34. Nxb7 $6 g6 $16) 34... Qg5 {[%csl Gf2][%cal Rg5g1]} 35. Qg2 $36 {[%mdl 2048] White has some pressure.} Qf6 $1 {[#]} 36. Rxe5 $1 {[%mdl 512]} Qxe5 37. Nd7 Qf5 38. Nxf8 Qxf8 39. Qxb7 Qf5 40. h3 g6 41. Qb2+ Kh7 42. Kg2 Qe4+ 43. Kxf2 Qf4+ 44. Kg1 Qg3+ 45. Qg2 Qe5 46. Kh1 h4 $2 (46... Qe3 47. Qe2 Qc3) 47. Qf3 Kg7 48. a3 Kh7 49. Kg2 Kg7 50. Be2 Kh7 51. Kf2 Qh2+ 52. Ke1 Qe5 53. Qd3 Qa1+ 54. Kd2 Qb2+ {[#]} 55. Ke3 $1 Qe5+ 56. Kf3 Qg3+ 57. Ke4 Qg5 58. Kd4 Qc1 59. Bd1 Qc7 60. Bc2 Qb6+ 61. Kc4 Kh6 62. Qxg6+ $2 (62. Qe4 $18 Qf6 63. Kb5) 62... Qxg6 $11 {The position is equal.} 63. Bxg6 Kxg6 $18 {[%mdl 4096] Endgame KPP-KPP} 64. Kb5 Kg5 65. Kxa5 $11 {KPP-KP} Kf4 $1 {[%cal Rf4g3]} 66. Kb5 {Hoping for a4.} (66. a4 {NOTEXT} Kg3 67. Kb4 Kxh3 68. a5 Kg2 69. a6) 66... Kg3 67. a4 Kxh3 {( -> ...Kg4)} 68. a5 {Intending a6 and mate.} Kg2 69. a6 {White threatens a7 and mate.} h3 70. a7 h2 71. a8=Q+ {Precision: White = 65%, Black = 41%.} 1/2-1/2

[Event "17th Prague Open 2018"]
[Site "Prague"]
[Date "2018.01.18"]
[Round "8"]
[White "Kalegin, Evgenij"]
[Black "Lee, Qing Aun"]
[Result "1-0"]
[WhiteElo "2426"]
[BlackElo "2277"]
[Annotator "TA"]
[PlyCount "165"]
[EventDate "2018.??.??"]
[EventType "swiss"]
[EventCountry "CZE"]
[SourceTitle "playchess.com"]
[Source "ChessBase"]
[SourceQuality "1"]

{[%evp 9,165,27,33,29,35,28,32,29,30,31,28,11,11,24,23,-12,13,4,24,19,29,7,23,8,34,-33,0,0,17,31,23,0,0,0,5,0,4,10,20,10,79,71,84,39,37,34,46,43,63,0,0,0,0,0,0,0,0,0,0,0,77,62,56,48,109,87,87,94,137,134,194,148,157,96,96,96,97,97,250,213,216,134,339,420,421,420,407,369,368,368,286,265,256,205,177,202,167,174,158,14,51,8,14,14,14,14,14,8,17,25,507,425,384,377,7190,6625,29955,29957,29958,29960,29960,29961,29964,29962,29961,29963,29964,29967,29967,29968,29970,29971,29971,29972,29971,29972,29972,29973,29973,29975,29974,29975,29975,29976,29976,29977,29977,29978,29980,29981,29981,29982,29982,29982,29982,29983,29983,29984]} 1. e4 c5 2. Nf3 e6 3. g3 Nc6 4. Bg2 g5 (4... Nf6 5. d3 d5 6. Nbd2 Be7 7. O-O O-O 8. Re1 b5 9. e5 Nd7 10. Nf1 Bb7 11. h4 Qc7 12. Bf4 Rfc8 13. Ne3 Qd8 14. Ng4 Bf8 15. Bg5 Qe8 16. c3 h6 17. Bf4 a5 18. Qd2 b4 19. c4 Ne7 20. h5 {1-0 (59) Kuzubov,Y (2699)-Grischuk,A (2772) Riadh 2017}) 5. h3 Bg7 6. c3 {B40: Sicilian: 2...e6, Unusual lines} h6 7. O-O Nge7 $146 ({Find the theoretical novelty and annotate with similar games:} 7... e5 8. Na3 d6 9. Nc2 Nge7 10. d4 cxd4 11. cxd4 O-O 12. d5 {1-0 (73) Moroni,L (2321)-Miezis,N (2499) Zuerich 2014}) 8. d4 {White is slightly better.} cxd4 9. cxd4 d5 10. e5 f6 11. exf6 Bxf6 12. Nc3 {[%cal Bb1c3,Bc3e2,Be2g3,Bg3h5][%mdl 32]} O-O 13. b3 Nf5 {[%cal Rc6d4]} 14. Ne2 Bd7 15. g4 Nfe7 16. Ng3 Be8 17. Be3 ({White should play} 17. Re1 $14) 17... Ng6 18. Nh5 Be7 19. Re1 Qd7 20. Rc1 Ba3 21. Rc2 Nf4 22. Nxf4 gxf4 23. Bc1 Bb4 24. Bd2 Bxd2 (24... Bd6 $1 $11) 25. Rxd2 Bg6 26. Ne5 Nxe5 27. Rxe5 Rac8 28. Bf1 Rc3 29. Bd3 (29. Qe1 $14) 29... Qh7 $11 {[%cal Rg6d3]} 30. Bxg6 Qxg6 31. Qf1 Rfc8 32. Rd1 a6 33. Rde1 R8c6 34. Qe2 {[%cal Re5e6]} Rc1 (34... Rxh3 $11 35. Rxe6 Rxe6 36. Qxe6+ Qxe6 37. Rxe6 f3) 35. Rxc1 $1 $16 Rxc1+ {[%mdl 4096] Endgame KQR-KQR} 36. Kg2 Rc2 ({Black should try} 36... Qf6 $1 $14 37. Qd2 f3+ 38. Kh2 Rf1) 37. Qf3 Qf6 {[#]} 38. h4 $1 {[%mdl 512]} Rc7 (38... Qxh4 39. Qxf4) 39. g5 Rg7 (39... hxg5 $16 {might work better.} 40. hxg5 (40. Rxg5+ Kf8 $11) 40... Qf7) 40. Qg4 Kf7 41. f3 ({Stronger than} 41. gxf6 Rxg4+ 42. Kh3 Rg1 $17) ({Don't go for} 41. Rxe6 $2 Qxe6 42. Qxf4+ Kg6 $19) (41. Kf3 $142 hxg5 42. hxg5) 41... hxg5 42. hxg5 Qg6 43. Qxf4+ $40 {[%mdl 128] White goes for the king.} Kg8 $2 (43... Ke7 $16 {was necessary.} 44. Qg4 Kd6) 44. Qg4 Re7 45. f4 Kf7 $2 (45... b5 $16 46. Re2 Kf7) 46. f5 $18 exf5 47. Qxf5+ Qxf5 48. Rxf5+ {KR-KR} Kg6 49. Rxd5 Re2+ 50. Kf3 Rxa2 51. Ke4 Rb2 52. Rd6+ $1 Kxg5 53. Rb6 a5 54. Rxb7 (54. Ke5 $16) 54... Kf6 $11 55. Kd3 {next Rb6+ is good for White.} Ke6 56. Rb5 Kd6 57. Kc3 Ra2 58. Rc5 Ra1 59. Rc4 {Black must now prevent Ra4.} Kd5 $2 {[%mdl 8192]} (59... Rc1+ $11 {and Black has nothing to worry.} 60. Kb2 Rh1) 60. Ra4 $1 $18 {[%cal Ra4a1]} Rc1+ {[#]} 61. Kb2 $1 {[%cal Rb2c1]} Rc8 $2 (61... Rg1 62. Rxa5+ Kxd4) 62. Rxa5+ Kxd4 {[#]} 63. Ka3 $1 {White mates.} Kc3 64. b4 Kc4 65. Ka4 Rh8 66. Rc5+ Kd4 67. Rc6 Kd5 68. b5 Ra8+ 69. Kb4 Ra1 70. Rc2 Kd6 71. b6 Rb1+ 72. Ka5 Ra1+ 73. Kb5 Kd7 74. b7 Rb1+ 75. Ka6 Ra1+ 76. Kb6 Rb1+ 77. Ka7 Ra1+ 78. Kb8 Rh1 79. Ra2 Rb1 80. Ka8 Kc7 81. Rc2+ Kd7 82. b8=Q Ra1+ 83. Qa7+ $1 {Precision: White = 67%, Black = 38%.} 1-0

[Event "17th Prague Open 2018"]
[Site "Prague"]
[Date "2018.01.18"]
[Round "8"]
[White "Lalic, Bogdan"]
[Black "Makoveev, Ilya"]
[Result "1/2-1/2"]
[WhiteElo "2415"]
[BlackElo "2196"]
[Annotator "TA"]
[PlyCount "51"]
[EventDate "2018.??.??"]
[EventType "swiss"]
[EventCountry "CZE"]
[SourceTitle "playchess.com"]
[Source "ChessBase"]
[SourceQuality "1"]

{[%evp 19,51,45,49,41,51,33,47,40,41,31,41,33,47,29,51,37,28,40,29,33,34,24,29,16,18,11,18,19,14,12,24,5,10,8]} 1. c4 Nf6 2. Nc3 d5 3. cxd5 Nxd5 4. g3 g6 5. Bg2 Nb6 6. d3 Bg7 7. Be3 O-O 8. Qd2 N8d7 {A16: English Opening: 1...Nf6 with ...d5} (8... Nc6 9. Bxc6 bxc6 10. Bh6 Nd5 11. Bxg7 Kxg7 12. Nf3 f6 13. O-O Bg4 14. Kg2 h5 15. h4 Qd7 16. Ng1 e5 {1-0 (26) Romanov,E (2647)-Tomczak,J (2560) Germany 2014}) 9. Bh6 Nf6 10. Nf3 c6 {LiveBook: 3 Games. White is slightly better.} 11. Bxg7 Kxg7 12. b4 Qd6 13. Rb1 e5 14. O-O Re8 15. Qb2 Bf5 $146 ({Predecessor:} 15... a6 16. Rfd1 {1-0 (33) De Jager,J (2395)-D'Costa,L (2425) Haarlem 2011}) 16. h3 Rad8 17. Rfd1 Nbd5 18. e4 Nxc3 19. Qxc3 Bc8 20. Rd2 b6 21. Re1 c5 22. bxc5 Qxc5 23. Qxc5 bxc5 24. Rc1 Ba6 25. Rxc5 Bxd3 26. Rxe5 {Precision: White = 39%, Black = 71%.} 1/2-1/2

[Event "17th Prague Open 2018"]
[Site "Prague"]
[Date "2018.01.18"]
[Round "8"]
[White "Moehn, Hans"]
[Black "Levitskiy, Andrey"]
[Result "1-0"]
[WhiteElo "2378"]
[BlackElo "2155"]
[Annotator "ChessBase"]
[PlyCount "161"]
[EventDate "2018.??.??"]
[EventType "swiss"]
[EventCountry "CZE"]
[SourceTitle "playchess.com"]
[Source "ChessBase"]
[SourceQuality "1"]
[TimeControl "40/5400+30:1800+30"]

1. d4 {[%emt 0:00:00]} Nf6 {[%emt 0:00:22]} 2. Nf3 {[%emt 0:00:00]} e6 {[%emt 0:00:31]} 3. g3 {[%emt 0:00:00]} b5 {[%emt 0:00:44]} 4. Bg2 {[%emt 0:15:22]} d5 {[%emt 0:03:36]} 5. b3 {[%emt 0:00:42]} Bb7 {[%emt 0:04:24]} 6. c4 {[%emt 0:03:05]} c5 {[%emt 0:15:50]} 7. cxb5 {[%emt 0:03:53]} Qa5+ {[%emt 0:02:49]} 8. Bd2 {[%emt 0:00:39]} Qxb5 {[%emt 0:00:57]} 9. Nc3 {[%emt 0:00:10]} Qa6 {[%emt 0:01:13]} 10. O-O {[%emt 0:07:22]} Nbd7 {[%emt 0:05:11]} 11. e3 {[%emt 0:08:26]} Be7 {[%emt 0:03:25]} 12. Na4 {[%emt 0:16:56]} Ne4 {[%emt 0:04:28]} 13. dxc5 {[%emt 0:03:13]} Ndxc5 {[%emt 0:03:09]} 14. Nxc5 {[%emt 0:00:14]} Bxc5 {[%emt 0:01:08]} 15. Bc1 {[%emt 0:00:45]} O-O {[%emt 0:13:14]} 16. Bb2 {[%emt 0:00:15]} Ba3 {[%emt 0:02:45]} 17. Bxa3 {[%emt 0:02:02]} Qxa3 {[%emt 0:00:06]} 18. Qc1 {[%emt 0:00:05]} Qxc1 {[%emt 0:16:04]} 19. Rfxc1 {[%emt 0:00:15]} Rfc8 {[%emt 0:00:04]} 20. Nd4 {[%emt 0:05:28]} Nd6 {[%emt 0:01:13]} 21. f4 {[%emt 0:07:01]} Kf8 {[%emt 0:04:38]} 22. Bf1 {[%emt 0:03:51]} Ke7 {[%emt 0:01:31]} 23. b4 {[%emt 0:01:36]} Rxc1 {[%emt 0:07:24]} 24. Rxc1 {[%emt 0:00:02]} Rc8 {[%emt 0:00:09]} 25. Rxc8 {[%emt 0:01:14]} Nxc8 {[%emt 0:00:11]} 26. Kf2 {[%emt 0:03:24]} Nd6 {[%emt 0:00:43]} 27. Bd3 {[%emt 0:00:32]} h6 {[%emt 0:00:17]} 28. a4 {[%emt 0:07:24]} Kd7 {[%emt 0:00:59]} 29. Ke1 {[%emt 0:01:21]} Kc7 {[%emt 0:00:37]} 30. Kd2 {[%emt 0:00:17]} Bc8 {[%emt 0:00:32]} 31. Kc3 {[%emt 0:00:17]} Bd7 {[%emt 0:00:46]} 32. b5 {[%emt 0:01:48]} f6 {[%emt 0:04:50]} 33. Nf3 {[%emt 0:05:41]} Nb7 {[%emt 0:00:36]} 34. Kb4 {[%emt 0:00:12]} Kd6 {[%emt 0:00:20]} 35. a5 {[%emt 0:00:44]} Nc5 {[%emt 0:00:30]} 36. Be2 {[%emt 0:01:08]} Bc8 {[%emt 0:01:50]} 37. Nd4 {[%emt 0:01:46]} Bd7 {[%emt 0:00:27]} 38. Nf3 {[%emt 0:01:14]} Bc8 {[%emt 0:00:15]} 39. Nd4 {[%emt 0:00:02]} Bd7 {[%emt 0:00:09]} 40. a6 {[%emt 0:01:02]} e5 {[%emt 0:32:02]} 41. fxe5+ {[%emt 0:17:55]} fxe5 {[%emt 0:00:00]} 42. Nf3 {[%emt 0:00:03]} Bc8 {[%emt 0:00:00]} 43. Nd2 {[%emt 0:03:25]} Bd7 {[%emt 0:00:00]} 44. Bf1 {[%emt 0:03:05]} Bc8 {[%emt 0:00:00]} 45. Nb1 {[%emt 0:02:03]} Bd7 {[%emt 0:00:00]} 46. Nc3 {[%emt 0:01:29]} d4 {[%emt 0:00:00]} 47. exd4 {[%emt 0:00:07]} exd4 {[%emt 0:00:00]} 48. Nb1 {[%emt 0:00:49]} d3 {[%emt 0:00:00]} 49. Nd2 {[%emt 0:00:27]} Kd5 {[%emt 0:00:29]} 50. Bg2+ {[%emt 0:05:00]} Kd4 {[%emt 0:00:07]} 51. Nf3+ {[%emt 0:00:05]} Kd5 {[%emt 0:01:17]} 52. Nd2+ {[%emt 0:00:24]} Kd4 {[%emt 0:00:07]} 53. Nf3+ {[%emt 0:00:03]} Kd5 {[%emt 0:00:09]} 54. b6 {[%emt 0:02:03]} Nxa6+ {[%emt 0:01:07]} 55. Ka5 {[%emt 0:00:28]} axb6+ {[%emt 0:00:18]} 56. Kxa6 {[%emt 0:00:07]} Ke4 {[%emt 0:00:25]} 57. Kxb6 {[%emt 0:00:43]} Ke3 {[%emt 0:00:19]} 58. Ne5 {[%emt 0:00:42]} d2 {[%emt 0:01:14]} 59. Nc4+ {[%emt 0:00:32]} Ke2 {[%emt 0:00:28]} 60. Nxd2 {[%emt 0:00:25]} Kxd2 {[%emt 0:00:02]} 61. Kc7 {[%emt 0:00:01]} Bf5 {[%emt 0:01:20]} 62. Kd6 {[%emt 0:00:13]} Ke3 {[%emt 0:00:07]} 63. Ke5 {[%emt 0:00:06]} g6 {[%emt 0:00:43]} 64. Bd5 {[%emt 0:00:27]} Kf2 {[%emt 0:01:32]} 65. Kf4 {[%emt 0:00:11]} Kg1 {[%emt 0:01:29]} 66. h4 {[%emt 0:00:09]} h5 {[%emt 0:01:09]} 67. Bf3 {[%emt 0:02:00]} Kh2 {[%emt 0:00:09]} 68. Bxh5 {[%emt 0:00:29]} Kh3 {[%emt 0:00:35]} 69. Be2 {[%emt 0:00:22]} Bc2 {[%emt 0:00:28]} 70. Bf1+ {[%emt 0:00:03]} Kh2 {[%emt 0:00:03]} 71. Bb5 {[%emt 0:00:28]} Kh3 {[%emt 0:00:40]} 72. Bd7+ {[%emt 0:00:22]} Kg2 {[%emt 0:00:01]} 73. g4 {[%emt 0:01:38]} Kh3 {[%emt 0:01:11]} 74. Kg5 {[%emt 0:00:16]} Kg3 {[%emt 0:01:03]} 75. h5 {[%emt 0:00:26]} gxh5 {[%emt 0:00:06]} 76. gxh5 {[%emt 0:00:02]} Bh7 {[%emt 0:00:37]} 77. Bf5 {[%emt 0:00:08]} Bg8 {[%emt 0:00:03]} 78. h6 {[%emt 0:00:15]} Kf3 {[%emt 0:00:12]} 79. Kf6 {[%emt 0:00:40]} Kf4 {[%emt 0:00:09]} 80. Kg7 {[%emt 0:00:43]} Kg5 {[%emt 0:00:02]} 81. Be6 {[%emt 0:00:06]} 1-0